000 00313nam a2200133Ia 4500
100 _aSiddiquee/ Khan
942 _cBK
654 _aEngg. Drawing
245 _aEngineering Drawing with Primer on AUTOCAD
260 _bPrentice Hall
_aBombay
_c2004
082 _a604.2
_bSID
300 _a312
546 _aENGLISH
999 _c26019
_d26019